Carregando...

Seeing Wittgenstein anew

Detalhes bibliográficos
Principais autores: Day, William; Editor, Krebs, Victor J; Editor
Formato: Printed Book
Publicado em: Cambridge, Cambridge University Press 2010
Assuntos:
LEADER 007450000a22002290004500
020 |a 978-0-521-54732-1 
082 |a 192 WIT Q0 
100 |a Day, William; Editor 
100 |a Krebs, Victor J; Editor 
245 |a Seeing Wittgenstein anew 
250
260 |a Cambridge, Cambridge University Press  |e 2010 
260 |c 2010 
460 |a xvi, 393p 
465 |a USD 27.99 
500 |a ed by William Day and Victor J Krebs 
500 |a Includes bibliographical references and index 
650 |a Perception (Philosophy) 
650 |a Wittgenstein, Ludwig 
942 |c BK 
999 |c 48276  |d 48276 
952 |0 0  |1 0  |4 0  |6 192_000000000000000_WIT_Q0  |7 0  |8 ENG  |9 49008  |a MGUL  |b MGUL  |d 2013-07-16  |e USD 27.99  |l 0  |o 192 WIT Q0  |p 46510  |r 2013-07-16  |w 2013-07-16  |y BK